000 00205nam a22000977a 4500
999 _c4406
_d4406
008 250217b ||||| |||| 00| 0 eng d
082 _a800
100 _aBehrent,Sue
_eAuthor
245 _aElliot
942 _2ddc